Влизане в Рим (Запис номер 82609)
[ съкратено ]
| 000 -Лидер | |
|---|---|
| Контролно поле с фиксирана дължина | 01269nam a2200325 c 4500 |
| 003 - Код на организацията, давaща контролен номер | |
| Контролно поле | BLK |
| 005 - Дата и час на последна редакция | |
| Контролно поле | 20180420224704.0 |
| 008 - Елементи от данни с фиксирана дължина | |
| fixed length control field | 180408b bul|||||r ||||||| ||bul|| |
| 010 ## - Наследен системен номер | |
| LC control number | KNG00087142000 |
| 020 ## - Международен стандартен номер на книга ISBN | |
| Международен стандартен номер на книга ISBN | 978-954-775-835-3 |
| -- | издат.: Фабер |
| 040 ## - Източник на каталожния запис | |
| Идентификатор на билиотеката - собственик на записа | BLK |
| 041 ## - Код за език | |
| Код за езика на текст/звукозапис или на отделно заглавие | Български |
| Код за езика КДБФ | Български |
| 080 ## - УДК | |
| Текстов определител УДК | Българска литература |
| УДК код - определител по УДК | 821.163.2 |
| УДК определител | -1 |
| УДК - код + определител | 821.163.2-1 |
| 100 1# - Редна дума - Автор | |
| Автор | Янков, Янислав |
| Авторска отговорност | първи автор |
| Автор - информация (биография) | Йорданов, Йордан Янков |
| R(LIN) | 300594 |
| 139 ## - Редно поле | |
| Редна дума | Янков, Янислав |
| Авторски знак | Янков - Я 60 |
| 245 10 - Сведения за заглавието | |
| Заглавие | Влизане в Рим |
| Подзаглавни данни | Стихотворения |
| Редно поле (дума) | Янислав Янков; * Янислав Янков Йорданов. |
| 257 ## - Страна на издаване | |
| Страна на създаване/издаване | България |
| 260 ## - Област на издателските данни | |
| -- | В. Търново |
| Име на издателя, разпространителя и проч. | Фабер |
| Година на издаване | 2008 |
| 300 ## - Физическа характеристика | |
| Страници | 44 с. |
| Размери/Мащаб | 20 см |
| 380 ## - Жанр | |
| Жанр | Худож. лит. |
| 500 ## - Общи забележки | |
| Забележка | Пълното име на авт. е Янислав Янков Йорданов. |
| 590 ## - Забележки на библиотеката, притежаваща документа (RLIN) | |
| Служебно | прил. към алманах Света гора , бр.8/2007 ? |
| 653 ## - Ключова дума – ненормативна | |
| Ключова дума | стихотворения |
| 700 1# - Други автори (авторска отговорност) | |
| Лично име | Йорданов, Янислав Янков |
| Автороска отговорност (Описва отношението между автора и произведението) | * |
| 9 (RLIN) | 300595 |
| 852 ## - Местоположение | |
| Форматна сигнатура | Цб 242319 |
| 856 4# - Електронен адрес и достъп | |
| Електронен формат | pdf - файл |
| Път до файла /url/ | |
| 856 4# - Електронен адрес и достъп | |
| Електронен формат | pdf - файл |
| Път до файла /url/ | |
| 942 ## - АРТИКУЛИ | |
| Вид на библиотечния материал | Книги |
| Скрит в OPAC | Не |
| 944 ## - СЪЗДАВАНЕ И РЕДАКЦИЯ на ЗАПИСА | |
| Създаване/Редакция | Създаване |
| Дата на регистрацията/редакция | 08.01.2009 |
| Статус, дата на статуса | ф / |
| Служител, извършил регистрацията/редакцията | Людмила_Стоянова |
| 944 ## - СЪЗДАВАНЕ И РЕДАКЦИЯ на ЗАПИСА | |
| Създаване/Редакция | Редакция |
| Дата на регистрацията/редакция | 03.06.2009 |
| Статус, дата на статуса | ф / |
| Служител, извършил регистрацията/редакцията | |
| 999 ## - СИСТЕМНИ КОНТРОЛНИ НОМЕРА | |
| Koha biblionumber | 82609 |
| Koha biblioitemnumber | 82609 |
| Код за отписване | Код за изгубен артикул | Код за повреда | Коз за рестрикции | Код за отдаване | Артикулен № | Име на библиотеката - собственик | Име на библиотеката, в която се намира в момента | Статус (Текущо местоположение) | Дата на вписване в системата | Местоположение - отдел | Цена в лева | Инвентарен номер | Систематично азбучна сигнатура | Баркод | Номер на екземпляра | Цена в евро | Служебна бележка | Служебен тип на артикула |
|---|---|---|---|---|---|---|---|---|---|---|---|---|---|---|---|---|---|---|
| Не е изгубен | Не е повреден | без рестрикции | ползва се в читалня | 134409 | Регионална библиотека "Любен Каравелов" Русе | Регионална библиотека "Любен Каравелов" Русе | Хранилище | 2009-01-06 | Хранилище | 0.00 | 120000732587 | Цб 242319 | 120000732587 | 1 | 0.00 | Дост: Dp Вид: Д N: 31 Дата: 16.07.2008 | Книги | |
| Не е изгубен | Не е повреден | без рестрикции | заемане за дома | 134410 | Регионална библиотека "Любен Каравелов" Русе | Регионална библиотека "Любен Каравелов" Русе | Заемна - подръчен фонд | 2009-05-28 | Заемна - подръчен фонд | 4.00 | 120000735921 | П 886.7-1/Я 60 | 120000735921 | 2 | 2.05 | Дост: DA Вид: А N: 6 Дата: 28.05.2009 Дата инв: 14.02.2018 Бележки инв: П2018 | Книги |